000 01007nam a2200277 a 4500
001 72637
003 BD-RjUL
005 20211209082306.0
008 170522m19681964enk b 001 0 eng d
035 _a(BD-RjUL)72855
040 _aDLC
_cGAT
_dBD-RjUL
_beng
041 _aeng
082 _223
_a583
_bHUG 1968
100 1 _aHutchinson, J.
_q(John),
_d1884-1972.
_9214852
245 1 4 _aThe genera of flowering plants :
_b(Angiospermae). Based principally on the Genera plantarum of G. Bentham and J.D. Hooker. /
_cby J. Hutchinson.
260 _aOxford :
_bClarendon Press,
_c1964-1967 [Reprint 1968]
300 _av. ;
_c24 cm.
500 _a"Based principally on the Genera plantarum of G. Bentham and J.D. Hooker."
504 _aIncludes bibliographical references and indexes.
505 0 _av. 1 Dicotyledones-- v. 2 Dicotyledones--
650 0 _aDicotyledons
_9148359
650 0 _aAngiosperms.
_9214853
650 0 _aPlants
_xClassification.
_9158555
942 _2ddc
_cBK
999 _c72637
_d72637